[Event "Niedersachsen-chT U14"]
[Site "Rotenburg"]
[Date "2000.06.18"]
[Round "6.1"]
[White "Meinardus, Claas"]
[Black "Lammers, Markus"]
[Result "0-1"]
[WhiteElo "133"]
[BlackElo "1668"]
[PlyCount "54"]
[EventDate "2000.06.16"]
[EventType "team"]
[EventRounds "7"]
[EventCountry "GER"]
[SourceTitle "EXT 2003"]
[Source "ChessBase"]
[SourceDate "2002.11.25"]
[SourceVersion "1"]
[SourceVersionDate "2002.11.25"]
[SourceQuality "1"]

1. d4 f5 2. e3 g6 3. c4 Bg7 4. Nc3 Nf6 5. Bd3 0-0 6. Nf3 d6 7. 0-0 a5 8. a3 Na6 9. Qa4 Bd7 10. Qb3 Qc8 11. h3 c5 12. d5 Nc7 13. Re1 a4 14. Qa2 Qb8 15. Rb1 Nfe8 16. b4 Bxc3 17. Bd2 Bxd2 18. Qxd2 Na6 19. b5 Nac7 20. e4 Qd8 21. exf5 Bxf5 22. Bxf5 Rxf5 23. Nh4 Rf7 24. Qg5 e5 25. dxe6 Qxg5 26. exf7+ Kxf7 27. b6 Ne6 0-1

[Event "Niedersachsen-chT U14"]
[Site "Rotenburg"]
[Date "2000.06.17"]
[Round "3.1"]
[White "Rinne, Torben"]
[Black "Meinardus, Claas"]
[Result "1-0"]
[WhiteElo "1314"]
[BlackElo "133"]
[PlyCount "61"]
[EventDate "2000.06.16"]
[EventType "team"]
[EventRounds "7"]
[EventCountry "GER"]
[SourceTitle "EXT 2003"]
[Source "ChessBase"]
[SourceDate "2002.11.25"]
[SourceVersion "1"]
[SourceVersionDate "2002.11.25"]
[SourceQuality "1"]

1. d4 d5 2. c4 Bf5 3. Nc3 Nf6 4. Bg5 e6 5. e3 Nc6 6. Qb3 Nb4 7. a3 Nc2+ 8. Kd2 Nxa1 9. Qxb7 Rb8 10. Qc6+ Qd7 11. Qa6 Rxb2+ 12. Kd1 Ne4 13. Nxe4 Bxe4 14. c5 Rb1+ 15. Kd2 c6 16. f3 Be7 17. Bxe7 Qxe7 18. Qxc6+ Qd7 19. Qa8+ Qd8 20. Qc6+ Ke7 21. fxe4 Rxf1 22. exd5 exd5 23. Ke2 Qc8 24. Qd6+ Ke8 25. Kxf1 Qf5+ 26. Nf3 f6 27. Qb8+ Kf7 28. Qxh8 Qb1+ 29. Ne1 Nc2 30. Kf2 Nxe1 31. Rxe1 1-0

[Event "Niedersachsen-chT U14"]
[Site "Rotenburg"]
[Date "2000.06.16"]
[Round "1.1"]
[White "Dietrich, Christian"]
[Black "Meinardus, Claas"]
[Result "1-0"]
[WhiteElo "1253"]
[BlackElo "133"]
[PlyCount "85"]
[EventDate "2000.06.16"]
[EventType "team"]
[EventRounds "7"]
[EventCountry "GER"]
[SourceTitle "EXT 2003"]
[Source "ChessBase"]
[SourceDate "2002.11.25"]
[SourceVersion "1"]
[SourceVersionDate "2002.11.25"]
[SourceQuality "1"]

1. e4 e5 2. Nf3 Nc6 3. Bc4 Bc5 4. c3 d6 5. d4 exd4 6. cxd4 Bb4+ 7. Nc3 Nf6 8. 0-0 0-0 9. a3 Bxc3 10. bxc3 Nxe4 11. Re1 Nxc3 12. Qc2 d5 13. Bd3 Ne4 14. Bxe4 dxe4 15. Qxe4 h6 16. Bf4 Bd7 17. Rab1 Re8 18. Ne5 Nxe5 19. Bxe5 Qc8 20. Rxb7 Bf5 21. Qc6 Re7 22. Rxc7 Rxc7 23. Qxc7 Qxc7 24. Bxc7 Rc8 25. Rc1 Re8 26. d5 Bc2 27. d6 Ba4 28. Rb1 g5 29. Rb8 Kg7 30. Rxe8 Bxe8 31. Kf1 Kg6 32. Ke2 h5 33. Ke3 f5 34. Kd4 h4 35. Ke5 Bd7 36. f4 g4 37. g3 hxg3 38. hxg3 a6 39. Kd5 Kf6 40. Bd8+ Kf7 41. Be7 a5 42. Kc5 Ke6 43. Kb6 1-0